000 00889nam a2200289 i 4500
001 bg
100 1 _aMITCHELL, Mark
245 1 0 _aLinux :
_bprogramowanie dla zaawansowanych /
_cMark Mitchell, Jeffrey Oldham, Alex Samuel ; [tł. Piotr Kamiński].
246 _iTyt. oryg.:
_aAdvanced Linux programming
260 _aWarszawa :
_b"RM",
_c2002.
300 _aXX, 299 s. ;
_c24 cm.
500 _aTyt. oryg.: "Advanced Linux programming" 2001.
504 _aIndeks.
650 9 _aLinux
655 _aPodręczniki
700 1 _aOLDHAM, Jeffrey
700 1 _aSAMUEL, Alex
700 1 _aKAMIŃSKI, Piotr.
_eTł.
020 _a8372432171
040 _cBPK
041 1 _apol
_heng
080 _a004.451(07)
920 _a83-7243-217-1
942 _cKS
008 s pl f |000 0 pol
999 _c43996
_d43996
856 _uhttp://koha.tu.koszalin.pl/cgi-bin/koha/opac-detail.pl?biblionumber=43996
_yKatalog online BPK